[Event "NOR-ch Mester"]
[Site "Stavanger"]
[Date "2017.07.07"]
[Round "8"]
[White "Laverton, Christian"]
[Black "Kjoita, Henning Jakhelln"]
[Result "1-0"]
[WhiteElo "2133"]
[BlackElo "2097"]
[PlyCount "41"]
[EventDate "2017.07.01"]
[EventType "swiss"]
[EventRounds "9"]
[EventCountry "NOR"]
[SourceTitle "EXT 2018"]
[Source "ChessBase"]
[SourceDate "2017.10.13"]
[SourceVersion "1"]
[SourceVersionDate "2017.10.13"]
[SourceQuality "1"]

1. d4 g6 2. Nf3 Bg7 3. Bf4 c5 4. c3 cxd4 5. cxd4 d5 6. e3 Nf6 7. Nc3 0-0 8. Bd3 Nc6 9. h3 Re8 10. 0-0 Nh5 11. Bh2 e5 12. dxe5 Nxe5 13. Bb5 Bd7 14. Bxd7 Qxd7 15. Nxe5 Bxe5 16. Qxd5 Qxd5 17. Nxd5 Rad8 18. Rfd1 Bxb2 19. Rab1 Nf6 20. Rxb2 Nxd5 21. Rbd2 1-0

[Event "NOR-ch"]
[Site "Tromsoe"]
[Date "2016.07.14"]
[Round "7"]
[White "Kjoita, Henning Jakhelln"]
[Black "Haug, Johannes"]
[Result "1-0"]
[WhiteElo "2068"]
[BlackElo "2318"]
[PlyCount "81"]
[EventDate "2016.07.09"]
[EventType "swiss"]
[EventRounds "9"]
[EventCountry "NOR"]
[SourceTitle "CBM 173 Extra"]
[Source "ChessBase"]
[SourceDate "2016.08.29"]
[SourceVersion "1"]
[SourceVersionDate "2016.08.29"]
[SourceQuality "1"]

1. e4 c6 2. d4 d5 3. exd5 cxd5 4. c4 Nf6 5. Nc3 e6 6. a3 Be7 7. Nf3 0-0 8. c5 b6 9. b4 Ne4 10. Bd2 Bf6 11. Bd3 Nxd2 12. Qxd2 a5 13. 0-0 axb4 14. axb4 Rxa1 15. Rxa1 Nc6 16. b5 Nxd4 17. Nxd4 Bxd4 18. Bxh7+ Kxh7 19. Qxd4 bxc5 20. Qxc5 Bb7 21. Rd1 Qa8 22. Qe7 Kg8 23. Ne2 d4 24. Nf4 Qa4 25. Rb1 Be4 26. Nxe6 Rc8 27. Rf1 Bd3 28. Re1 Bg6 29. Qd7 Qc4 30. Nxd4 Qc3 31. Nf3 Bh5 32. Re8+ Rxe8 33. Qxe8+ Kh7 34. Qe1 Qd3 35. Qf1 Qb3 36. Nd2 Qb2 37. Qb1+ Qxb1+ 38. Nxb1 Be2 39. Nc3 Bc4 40. b6 Ba6 41. Na4 1-0

[Event "NOR-ch"]
[Site "Tromsoe"]
[Date "2016.07.12"]
[Round "5"]
[White "Martinsen, Stig K"]
[Black "Kjoita, Henning Jakhelln"]
[Result "0-1"]
[WhiteElo "2206"]
[BlackElo "2068"]
[PlyCount "90"]
[EventDate "2016.07.09"]
[EventType "swiss"]
[EventRounds "9"]
[EventCountry "NOR"]
[SourceTitle "CBM 173 Extra"]
[Source "ChessBase"]
[SourceDate "2016.08.29"]
[SourceVersion "1"]
[SourceVersionDate "2016.08.29"]
[SourceQuality "1"]

1. d4 g6 2. e4 h5 3. Nf3 Bg7 4. h3 d6 5. Nc3 Nc6 6. Bg5 Nf6 7. Qd2 a6 8. Be2 Nd7 9. 0-0 f6 10. Be3 e5 11. dxe5 dxe5 12. Rad1 Nf8 13. Qc1 Bd7 14. Nd5 Qc8 15. Nh2 g5 16. Rd3 Ne6 17. Qd1 g4 18. hxg4 Ncd4 19. gxh5 Bb5 20. Bg4 Bxd3 21. Qxd3 Qd8 22. c3 f5 23. exf5 Qxd5 24. cxd4 Nxd4 25. Bxd4 Qxd4 26. Qb3 Qb6 27. Qc4 Bf6 28. Rd1 Rd8 29. Rxd8+ Kxd8 30. Nf3 Re8 31. Qd5+ Kc8 32. Qf7 Qc6 33. h6 Rh8 34. g3 Qc1+ 35. Kg2 Qxh6 36. Kf1 Kb8 37. Qe6 Qc1+ 38. Ke2 Qxb2+ 39. Ke3 Qc3+ 40. Ke2 Qc2+ 41. Ke3 Rd8 42. Qb3 Qc1+ 43. Ke2 e4 44. Ne1 Bc3 45. Ng2 Rd2+ 0-1

[Event "NOR-ch"]
[Site "Tromsoe"]
[Date "2016.07.10"]
[Round "2"]
[White "Elsness, Frode"]
[Black "Kjoita, Henning Jakhelln"]
[Result "1/2-1/2"]
[WhiteElo "2439"]
[BlackElo "2068"]
[PlyCount "222"]
[EventDate "2016.07.09"]
[EventType "swiss"]
[EventRounds "9"]
[EventCountry "NOR"]
[SourceTitle "CBM 173 Extra"]
[Source "ChessBase"]
[SourceDate "2016.08.29"]
[SourceVersion "1"]
[SourceVersionDate "2016.08.29"]
[SourceQuality "1"]

1. d4 Nf6 2. c4 e6 3. Nf3 Bb4+ 4. Bd2 a5 5. g3 d5 6. Bg2 Nc6 7. 0-0 0-0 8. Bg5 Be7 9. Qc2 h6 10. Bxf6 Bxf6 11. Rd1 Qe7 12. Nc3 Rd8 13. a3 dxc4 14. e3 a4 15. Nxa4 b5 16. Nc5 Rb8 17. a4 Nb4 18. Qd2 Na6 19. Ne4 Qb4 20. Qc2 bxa4 21. Rxa4 Qxb2 22. Nxf6+ gxf6 23. Qxc4 Qb3 24. Qxb3 Rxb3 25. Rda1 Nb8 26. Nd2 Rb2 27. Ne4 Kg7 28. R4a2 Rxa2 29. Rxa2 e5 30. Rd2 exd4 31. exd4 Bb7 32. Nxf6 Kxf6 33. Bxb7 Nd7 34. Rc2 Nf8 35. d5 Rd7 36. Rc6+ Kg7 37. Rc5 Ng6 38. f4 h5 39. Kf2 h4 40. Ke3 Re7+ 41. Kf3 hxg3 42. hxg3 Nf8 43. Bc8 Nh7 44. Bf5 Nf6 45. g4 Ne8 46. Rc1 Nd6 47. Bd3 Nc8 48. Rd1 Re8 49. Rc1 Nb6 50. Bb5 Ra8 51. Ke4 Ra5 52. Bc6 Ra2 53. Bb7 Ra4+ 54. Kf5 Rc4 55. Rxc4 Nxc4 56. Kg5 Nd6 57. Bc6 f6+ 58. Kh5 Ne4 59. g5 fxg5 60. fxg5 Nd6 61. Kg4 Kf7 62. Kf4 Nc8 63. Ba4 Ke7 64. Kf5 Kf7 65. Bb3 Ne7+ 66. Kg4 Kg7 67. Kh5 Ng6 68. Ba2 Ne7 69. Kg4 Kg6 70. Bb1+ Kf7 71. Be4 Nc8 72. Kf4 Nd6 73. Bd3 Nb7 74. Ke5 Nc5 75. Bc2 Nd7+ 76. Kf5 Nf8 77. Bd1 Kg7 78. Bh5 Nd7 79. Be8 Nb6 80. Ke6 Kf8 81. Bb5 Kg7 82. Bd3 Na4 83. Bf5 Nc3 84. Ke5 Nb5 85. Bd3 Nc3 86. Kd4 Na4 87. Bc2 Nb6 88. Kc5 Nc8 89. Be4 Ne7 90. Kd4 Nc8 91. Bf5 Nd6 92. Ke5 Nf7+ 93. Kf4 Nd6 94. Bb1 Kf7 95. Ke5 Nb5 96. Bd3 Nd6 97. Kd4 Nb7 98. Kc4 Ke7 99. Kb5 Nd8 100. Kc5 Nf7 101. g6 Ne5 102. Bc2 Kf6 103. Kb5 Ng4 104. Kc5 Ne5 105. Be4 Ng4 106. Kd4 Nh6 107. Ke3 Ng8 108. Kd4 Ne7 109. Kc5 Kg7 110. Bd3 Kf6 111. Bc2 Kg7 1/2-1/2

[Event "NOR-ch"]
[Site "Tromsoe"]
[Date "2016.07.09"]
[Round "1"]
[White "Kjoita, Henning Jakhelln"]
[Black "Stanford, Maxim Barth"]
[Result "1-0"]
[WhiteElo "2068"]
[BlackElo "2365"]
[PlyCount "71"]
[EventDate "2016.07.09"]
[EventType "swiss"]
[EventRounds "9"]
[EventCountry "NOR"]
[SourceTitle "CBM 173 Extra"]
[Source "ChessBase"]
[SourceDate "2016.08.29"]
[SourceVersion "1"]
[SourceVersionDate "2016.08.29"]
[SourceQuality "1"]

1. e4 e5 2. Nf3 Nc6 3. d4 exd4 4. Nxd4 Qf6 5. Nb5 Bc5 6. Qe2 Qd8 7. Qg4 Kf8 8. Qg3 d6 9. Be3 Bxe3 10. Qxe3 a6 11. N5c3 Nf6 12. Nd2 b5 13. 0-0-0 Bb7 14. f3 Qe7 15. g4 Nb4 16. g5 Nfd5 17. Nxd5 Nxd5 18. Qd4 c5 19. Qg1 Nf4 20. Nb3 h6 21. Na5 Rb8 22. h4 hxg5 23. hxg5 Rxh1 24. Qxh1 Kg8 25. Qh4 Ne6 26. Nxb7 Rxb7 27. f4 Nf8 28. Bg2 Ng6 29. Qg4 Rb8 30. Rh1 f6 31. f5 Ne5 32. Qh5 Qe8 33. Qh8+ Kf7 34. g6+ Ke7 35. Qxg7+ Kd8 36. Rh8 1-0

[Event "Oslo Sveins op 9th"]
[Site "Oslo"]
[Date "2016.06.24"]
[Round "5"]
[White "Gronn, Atle"]
[Black "Kjoita, Henning Jakhelln"]
[Result "1-0"]
[WhiteElo "2327"]
[BlackElo "2083"]
[PlyCount "69"]
[EventDate "2016.06.24"]
[EventType "swiss"]
[EventRounds "9"]
[EventCountry "NOR"]
[SourceTitle "CBM 173 Extra"]
[Source "ChessBase"]
[SourceDate "2016.08.29"]
[SourceVersion "1"]
[SourceVersionDate "2016.08.29"]
[SourceQuality "1"]

1. Nf3 c5 2. c4 Nc6 3. g3 g6 4. Bg2 Bg7 5. Nc3 d6 6. 0-0 e5 7. d3 Nge7 8. a3 0-0 9. Rb1 f5 10. Bg5 Be6 11. Ne1 f4 12. b4 Qd7 13. Bxe7 Qxe7 14. bxc5 dxc5 15. Qa4 Rac8 16. Bd5 Bf7 17. Nf3 g5 18. Qb5 Rc7 19. Bxf7+ Qxf7 20. Nxg5 Qf5 21. Nf3 Qh3 22. Qxc5 Kh8 23. Qd5 Rd7 24. Ng5 Rxd5 25. Nxh3 Ra5 26. Rxb7 Rxa3 27. Nb5 Ra2 28. Rc7 Nb4 29. Rxa7 Rxe2 30. Rd1 Bh6 31. Nd6 Kg8 32. gxf4 Bxf4 33. Kh1 Rd8 34. Rg1+ Kf8 35. Rf7# 1-0

[Event "NOR-ch U20"]
[Site "Oslo"]
[Date "2015.07.07"]
[Round "5"]
[White "Nilsen, Martin"]
[Black "Kjoita, Henning Jakhelln"]
[Result "0-1"]
[WhiteElo "2021"]
[BlackElo "2052"]
[PlyCount "160"]
[EventDate "2015.07.04"]
[EventType "swiss"]
[EventRounds "9"]
[EventCountry "NOR"]
[SourceTitle "EXT 2017"]
[Source "ChessBase"]
[SourceDate "2016.10.25"]
[SourceVersion "1"]
[SourceVersionDate "2016.10.25"]
[SourceQuality "1"]

1. e3 g6 2. c4 Bg7 3. Nc3 c5 4. d4 Nf6 5. Nf3 0-0 6. Bd3 cxd4 7. exd4 d5 8. h3 Nc6 9. 0-0 Be6 10. c5 Qd7 11. Bf4 Bf5 12. Ne5 Nxe5 13. Bxe5 Bxd3 14. Qxd3 Ne8 15. Bxg7 Nxg7 16. b4 Rad8 17. Rfe1 Rfe8 18. Re5 e6 19. Ree1 a6 20. a4 Qc7 21. Rad1 Nh5 22. b5 e5 23. bxa6 bxa6 24. Qxa6 e4 25. Qb6 Qf4 26. c6 Qg5 27. Re3 Rc8 28. Qc5 Nf4 29. Rg3 Qf6 30. Nxd5 Ne2+ 31. Kh2 Qxf2 32. Rb3 e3 33. Qd6 Rcd8 34. Nf6+ Kh8 35. Ng4 Rxd6 36. Nxf2 exf2 37. d5 Rxd5 38. Rf1 Rc5 39. Rxf2 f5 40. g4 Rxc6 41. Rd3 f4 42. g5 Rce6 43. Kg2 Re3 44. Rxe3 Rxe3 45. a5 Ra3 46. a6 f3+ 47. Rxf3 Rxa6 48. Kf2 Nd4 49. Rc3 Ne6 50. h4 Kg7 51. Rb3 Ra7 52. Kg3 h6 53. Re3 Ra6 54. Re5 hxg5 55. hxg5 Kf7 56. Rb5 Nd4 57. Rb4 Nf5+ 58. Kf4 Ke6 59. Re4+ Kd6 60. Rb4 Rc6 61. Ra4 Kd5 62. Ra5+ Rc5 63. Ra6 Rc4+ 64. Kf3 Ke5 65. Ra5+ Ke6 66. Ra6+ Nd6 67. Kg3 Rd4 68. Kh3 Kf5 69. Ra5+ Kf4 70. Ra1 Rd3+ 71. Kh2 Kxg5 72. Ra4 Kf5 73. Ra5+ Kf4 74. Ra4+ Ne4 75. Ra8 g5 76. Rf8+ Kg4 77. Kg1 Kg3 78. Rf1 Nc3 79. Kh1 Rd1 80. Re1 Rxe1# 0-1

[Event "NOR-ch U20"]
[Site "Oslo"]
[Date "2015.07.04"]
[Round "1"]
[White "Skagen, Bjorn"]
[Black "Kjoita, Henning Jakhelln"]
[Result "0-1"]
[WhiteElo "1846"]
[BlackElo "2052"]
[PlyCount "64"]
[EventDate "2015.07.04"]
[EventType "swiss"]
[EventRounds "9"]
[EventCountry "NOR"]
[SourceTitle "EXT 2017"]
[Source "ChessBase"]
[SourceDate "2016.10.25"]
[SourceVersion "1"]
[SourceVersionDate "2016.10.25"]
[SourceQuality "1"]

1. d4 c5 2. d5 d6 3. Nf3 g6 4. g3 Bg7 5. Bg2 b5 6. 0-0 Nf6 7. Na3 a6 8. c4 b4 9. Nc2 a5 10. Nd2 0-0 11. e4 Nbd7 12. Ne3 Ne5 13. Qc2 Nfg4 14. Nf3 a4 15. Nxe5 Nxe5 16. f4 Nd7 17. a3 Nb6 18. axb4 cxb4 19. c5 dxc5 20. Qxc5 Qd6 21. Qxd6 exd6 22. Nc2 b3 23. Na3 Ba6 24. Rd1 Rfc8 25. Rd2 Nc4 26. Nxc4 Rxc4 27. Rb1 Rac8 28. Rd1 Rxc1 29. Rdxc1 Rxc1+ 30. Rxc1 Bxb2 31. Rc6 Bd4+ 32. Kh1 b2 0-1

[Event "EU-ch U18 23rd"]
[Site "Budva"]
[Date "2013.10.07"]
[Round "8"]
[White "Kjoita, Henning Jakhelln"]
[Black "Batchelor, Peter"]
[Result "0-1"]
[WhiteElo "2033"]
[BlackElo "2132"]
[PlyCount "104"]
[EventDate "2013.09.29"]
[EventType "swiss"]
[EventRounds "9"]
[EventCountry "MNE"]
[SourceTitle "CBM 156 Extra"]
[Source "ChessBase"]
[SourceDate "2013.10.22"]
[SourceVersion "1"]
[SourceVersionDate "2013.10.22"]
[SourceQuality "1"]

1. e4 e6 2. d4 d5 3. e5 c5 4. c3 Nc6 5. Nf3 Qb6 6. Bd3 Bd7 7. Bc2 cxd4 8. cxd4 Nb4 9. 0-0 Nxc2 10. Qxc2 Ne7 11. Nc3 Nc6 12. Rd1 Be7 13. Na4 Qc7 14. Bg5 Bxg5 15. Nxg5 Rc8 16. Qd2 Nxe5 17. dxe5 Bxa4 18. Rac1 Bc6 19. Qd4 h6 20. Nf3 0-0 21. Rc3 Rfd8 22. Rdc1 Qb8 23. g4 Bb5 24. g5 Be2 25. gxh6 Bxf3 26. Qf4 Be4 27. hxg7 Kxg7 28. Qf6+ Kg8 29. h4 Rxc3 30. Rxc3 Kf8 31. Qh8+ Ke7 32. Qf6+ Ke8 33. Rg3 Qc7 34. Rg8+ Kd7 35. Qxf7+ Kc8 36. Qxe6+ Kb8 37. Rxd8+ Qxd8 38. Qg4 Qc8 39. Qf4 Qg8+ 40. Kf1 Qe6 41. f3 Qf5 42. Qxf5 Bxf5 43. Ke2 d4 44. h5 Kc7 45. Kd2 Kd7 46. f4 Ke6 47. a3 Bg4 48. h6 Bf5 49. Ke2 Kf7 50. Kf2 Kg6 51. Kf3 Kxh6 52. e6 Kg6 0-1

[Event "EU-ch U18 23rd"]
[Site "Budva"]
[Date "2013.10.05"]
[Round "6"]
[White "Kjoita, Henning Jakhelln"]
[Black "Verhelst, Joris"]
[Result "1-0"]
[WhiteElo "2033"]
[BlackElo "2059"]
[PlyCount "127"]
[EventDate "2013.09.29"]
[EventType "swiss"]
[EventRounds "9"]
[EventCountry "MNE"]
[SourceTitle "CBM 156 Extra"]
[Source "ChessBase"]
[SourceDate "2013.10.22"]
[SourceVersion "1"]
[SourceVersionDate "2013.10.22"]
[SourceQuality "1"]

1. e4 c5 2. c3 d5 3. e5 d4 4. cxd4 cxd4 5. Nf3 Nc6 6. Bb5 Bg4 7. h3 Bh5 8. 0-0 Qd5 9. Na3 e6 10. Qb3 Bxf3 11. gxf3 Qxe5 12. Bxc6+ bxc6 13. Qb7 Bd6 14. Qxa8+ Kd7 15. f4 Qxf4 16. Kg2 d3 17. Qxa7+ Bc7 18. Rh1 Qe4+ 19. f3 Qg6+ 20. Kf1 Nf6 21. Nc4 Qf5 22. Qf2 Nh5 23. Ne3 Qf6 24. Rg1 Nf4 25. Ng4 Qf5 26. Qd4+ Bd6 27. Nf2 Nxh3 28. Qg4 Nxg1 29. Qxf5 exf5 30. Kxg1 Bc5 31. Kf1 Bxf2 32. Kxf2 h5 33. b3 Re8 34. Bb2 Re2+ 35. Kg3 g5 36. Bf6 f4+ 37. Kh3 Rxd2 38. Bxg5 Rf2 39. Bxf4 Rxf3+ 40. Bg3 Ke6 41. Kg2 Rf5 42. Rd1 Rd5 43. Kf3 Kf5 44. a4 Kg5 45. Bf4+ Kf5 46. Bd2 c5 47. a5 Ke6 48. a6 Rd8 49. a7 Ra8 50. Ra1 Kd5 51. Bf4 Kd4 52. Bb8 Kc3 53. Rc1+ Kxb3 54. Rxc5 f5 55. Ke3 h4 56. Kxd3 f4 57. Rb5+ Ka4 58. Rb1 h3 59. Kc4 Ka3 60. Rb3+ Ka4 61. Rxh3 f3 62. Rxf3 Ka5 63. Kc5 Ka4 64. Re3 1-0

[Event "EU-ch U18 23rd"]
[Site "Budva"]
[Date "2013.10.02"]
[Round "4"]
[White "Kjoita, Henning Jakhelln"]
[Black "Rieger, Robert"]
[Result "0-1"]
[WhiteElo "2033"]
[BlackElo "2213"]
[PlyCount "71"]
[EventDate "2013.09.29"]
[EventType "swiss"]
[EventRounds "9"]
[EventCountry "MNE"]
[SourceTitle "CBM 156 Extra"]
[Source "ChessBase"]
[SourceDate "2013.10.22"]
[SourceVersion "1"]
[SourceVersionDate "2013.10.22"]
[SourceQuality "1"]

1. e4 c5 2. Nf3 e6 3. c4 Nc6 4. Nc3 Nf6 5. d4 cxd4 6. Nxd4 Bb4 7. Nc2 Bxc3+ 8. bxc3 Qa5 9. Qd3 Qe5 10. f3 d5 11. cxd5 exd5 12. Ba3 dxe4 13. fxe4 Nxe4 14. 0-0-0 Nf2 15. Qf3 Nxd1 16. Bc4 Be6 17. Bxe6 fxe6 18. Rxd1 Rd8 19. Nd4 Nxd4 20. Rxd4 Rxd4 21. cxd4 Qd5 22. Qf4 Kd7 23. Qf7+ Kc6 24. Bf8 Qd7 25. Qf3+ Kc7 26. Qf4+ Kb6 27. Kd2 Ka6 28. g3 e5 29. Qf3 Qxd4+ 30. Kc2 Qc4+ 31. Kb2 b6 32. Qa3+ Kb5 33. Qf3 e4 34. Qf5+ Ka6 35. Qf4 Qd4+ 36. Kc2 0-1

[Event "NOR-ch U20"]
[Site "Lillehammer"]
[Date "2013.07.03"]
[Round "6"]
[White "Haug, Johannes"]
[Black "Kjoita, Henning Jakhelln"]
[Result "1/2-1/2"]
[WhiteElo "2050"]
[BlackElo "2032"]
[PlyCount "111"]
[EventDate "2013.06.29"]
[EventType "swiss"]
[EventRounds "9"]
[EventCountry "NOR"]
[SourceTitle "EXT 2014"]
[Source "ChessBase"]
[SourceDate "2013.11.20"]
[SourceVersion "1"]
[SourceVersionDate "2013.11.20"]
[SourceQuality "1"]

1. e4 c5 2. c3 g6 3. d4 Bg7 4. Nf3 cxd4 5. cxd4 Nf6 6. Nc3 0-0 7. Be2 d5 8. e5 Ne4 9. 0-0 Nxc3 10. bxc3 Nc6 11. Ba3 a6 12. Rb1 Rb8 13. Qb3 b5 14. Bc5 Na5 15. Qc2 Re8 16. a4 Bf5 17. Bd3 Bxd3 18. Qxd3 Nc4 19. axb5 Rxb5 20. Ra1 Bxe5 21. Bxe7 Qxe7 22. Nxe5 Nxe5 23. dxe5 Qxe5 24. Rxa6 Rc5 25. Ra3 Rec8 26. Qd4 Qxd4 27. cxd4 Rc4 28. Rd3 Ra8 29. g3 Ra2 30. h4 Rcc2 31. Rf3 Rd2 32. Re1 Ra7 33. Rf4 Kg7 34. Re8 Rd7 35. Kg2 h5 36. Re5 Rd6 37. Kf3 Ra2 38. Re7 Rf6 39. Rxf6 Kxf6 40. Re5 Ra5 41. Kf4 Kg7 42. f3 Rb5 43. g4 hxg4 44. fxg4 Ra5 45. g5 Kf8 46. Kg4 Ra1 47. Rxd5 Rg1+ 48. Kf4 Rh1 49. Rd8+ Ke7 50. Rh8 Ke6 51. Rh7 Kd5 52. Ke3 Rh3+ 53. Kf4 Rh1 54. Kg4 Rf1 55. h5 gxh5+ 56. Rxh5 1/2-1/2

[Event "NOR-ch U20"]
[Site "Lillehammer"]
[Date "2013.06.29"]
[Round "3"]
[White "Aartun, Magnus"]
[Black "Kjoita, Henning Jakhelln"]
[Result "0-1"]
[WhiteElo "1673"]
[BlackElo "2118"]
[PlyCount "70"]
[EventDate "2013.06.29"]
[EventType "swiss"]
[EventRounds "9"]
[EventCountry "NOR"]
[SourceTitle "EXT 2017"]
[Source "ChessBase"]
[SourceDate "2016.10.25"]
[SourceVersion "1"]
[SourceVersionDate "2016.10.25"]
[SourceQuality "1"]

1. d4 c5 2. e3 g6 3. Nf3 Bg7 4. c3 Nf6 5. Bd3 0-0 6. 0-0 d5 7. Nbd2 Nc6 8. b3 e5 9. Nxe5 Nxe5 10. dxe5 Ng4 11. Nf3 Nxe5 12. Nxe5 Bxe5 13. Bb2 Qh4 14. f4 Bg7 15. Qf3 Re8 16. f5 Be5 17. g3 Qe7 18. fxg6 hxg6 19. Qxd5 Bh3 20. Rf3 Rad8 21. Qe4 Bf5 22. Rxf5 gxf5 23. Qxf5 Bg7 24. Re1 Qe5 25. Qh7+ Kf8 26. Re2 Qg5 27. Kf2 Rd6 28. h4 Qh6 29. Qxh6 Bxh6 30. Bf5 Bxe3+ 31. Kf3 Rd2 32. Rxd2 Bxd2 33. c4 Bh6 34. Bf6 Re1 35. Be4 Rf1+ 0-1

[Event "Oslo Sveins op 6th"]
[Site "Oslo"]
[Date "2013.06.24"]
[Round "7"]
[White "Moseng, Geir"]
[Black "Kjoita, Henning Jakhelln"]
[Result "0-1"]
[WhiteElo "2068"]
[BlackElo "2032"]
[PlyCount "68"]
[EventDate "2013.06.21"]
[EventType "swiss"]
[EventRounds "9"]
[EventCountry "NOR"]
[SourceTitle "CBM 155 Extra"]
[Source "ChessBase"]
[SourceDate "2013.08.26"]
[SourceVersion "1"]
[SourceVersionDate "2013.08.26"]
[SourceQuality "1"]

1. d4 c5 2. d5 Nf6 3. c4 d6 4. Nc3 g6 5. e4 Bg7 6. Nge2 0-0 7. Ng3 Na6 8. Be2 Nc7 9. 0-0 a6 10. Be3 Rb8 11. a4 Bd7 12. Qd2 b5 13. axb5 axb5 14. b3 Ng4 15. Bxg4 Bxg4 16. Rac1 bxc4 17. bxc4 Rb4 18. Nd1 Qa8 19. Bh6 Bxh6 20. Qxh6 Bxd1 21. Rfxd1 Rfb8 22. Nf5 gxf5 23. Rd3 Rb3 24. Qg5+ Kf8 25. Qh6+ Ke8 26. Rxb3 Rxb3 27. Qxh7 Qa3 28. Rf1 Rc3 29. Qxf5 Kd8 30. Qxf7 Rc1 31. Qf8+ Ne8 32. g3 Rxf1+ 33. Kxf1 Qd3+ 34. Kg1 Qb1+ 0-1

[Event "Oslo Sveins op 6th"]
[Site "Oslo"]
[Date "2013.06.21"]
[Round "9"]
[White "Getz, Nicolai"]
[Black "Kjoita, Henning Jakhelln"]
[Result "1-0"]
[WhiteElo "2359"]
[BlackElo "2032"]
[PlyCount "63"]
[EventDate "2013.06.21"]
[EventType "swiss"]
[EventRounds "9"]
[EventCountry "NOR"]
[SourceTitle "CBM 155 Extra"]
[Source "ChessBase"]
[SourceDate "2013.08.26"]
[SourceVersion "1"]
[SourceVersionDate "2013.08.26"]
[SourceQuality "1"]

1. d4 Nf6 2. c4 c5 3. Nf3 cxd4 4. Nxd4 g6 5. Nc3 Bg7 6. e4 Nc6 7. Nc2 0-0 8. Be2 d6 9. 0-0 b6 10. f4 Bb7 11. Bf3 Rc8 12. b3 Qc7 13. Bb2 Qb8 14. Nd5 Nxd5 15. Bxg7 Ne3 16. Nxe3 Kxg7 17. Qd2 e5 18. f5 f6 19. Ng4 g5 20. h4 h6 21. Nxh6 Kxh6 22. hxg5+ Kg7 23. gxf6+ Kxf6 24. Qh6+ Ke7 25. Qg7+ Rf7 26. f6+ Ke8 27. Bh5 Nd8 28. Bxf7+ Nxf7 29. Qg8+ Kd7 30. Qxf7+ Kc6 31. Rad1 Rf8 32. Qd5+ 1-0

[Event "Wch U16"]
[Site "Maribor"]
[Date "2012.11.15"]
[Round "8.22"]
[White "Le, Tuan Minh"]
[Black "Kjoita, Henning Jakhelln"]
[Result "1-0"]
[WhiteElo "2204"]
[BlackElo "1992"]
[PlyCount "57"]
[EventDate "2012.11.08"]
[EventType "swiss"]
[EventRounds "11"]
[EventCountry "SLO"]
[SourceTitle "EXT 2013"]
[Source "ChessBase"]
[SourceDate "2012.11.22"]
[SourceVersion "1"]
[SourceVersionDate "2012.11.22"]
[SourceQuality "1"]

1. d4 Nf6 2. Bg5 Ne4 3. Bf4 d5 4. e3 Bf5 5. Bd3 e6 6. Ne2 Bd6 7. 0-0 0-0 8. c4 dxc4 9. Bxc4 Nc6 10. Nbc3 Bxf4 11. Nxf4 e5 12. Nfe2 exd4 13. Nxd4 Nxd4 14. exd4 c6 15. Re1 Nd6 16. Bb3 Qg5 17. Re5 Rfe8 18. Qf3 Rxe5 19. dxe5 Bg4 20. Qg3 Nf5 21. Ne4 Nxg3 22. Nxg5 Ne2+ 23. Kf1 Bh5 24. g4 Bxg4 25. f3 Bh5 26. Kxe2 Re8 27. e6 fxe6 28. Kf2 Bf7 29. Re1 1-0

[Event "Wch U16"]
[Site "Maribor"]
[Date "2012.11.09"]
[Round "2.57"]
[White "Pricopie, Stefan"]
[Black "Kjoita, Henning Jakhelln"]
[Result "1-0"]
[WhiteElo "1630"]
[BlackElo "1992"]
[PlyCount "51"]
[EventDate "2012.11.08"]
[EventType "swiss"]
[EventRounds "11"]
[EventCountry "SLO"]
[SourceTitle "EXT 2013"]
[Source "ChessBase"]
[SourceDate "2012.11.22"]
[SourceVersion "1"]
[SourceVersionDate "2012.11.22"]
[SourceQuality "1"]

1. d4 Nf6 2. c4 c5 3. d5 e6 4. Nc3 exd5 5. cxd5 d6 6. e4 g6 7. f4 Bg7 8. Bb5+ Nbd7 9. e5 Nh5 10. e6 Qh4+ 11. Kd2 fxe6 12. g3 Bxc3+ 13. bxc3 Nxg3 14. Nf3 Ne4+ 15. Ke3 Qf2+ 16. Kxe4 Kd8 17. Rf1 exd5+ 18. Kxd5 Qg2 19. Kxd6 Re8 20. f5 Rf8 21. Bg5+ Ke8 22. Qd5 Rf7 23. Rae1+ Kf8 24. Bh6+ Kg8 25. Re8+ Nf8 26. Rxf8# 1-0

[Event "Oslo Sveins op 5th"]
[Site "Oslo"]
[Date "2012.06.22"]
[Round "3"]
[White "Kjoita, Henning Jakhelln"]
[Black "De Seroux, Camille"]
[Result "0-1"]
[WhiteElo "1970"]
[BlackElo "2128"]
[PlyCount "84"]
[EventDate "2012.06.22"]
[EventType "swiss"]
[EventRounds "9"]
[EventCountry "NOR"]
[SourceTitle "CBM 149 Extra"]
[Source "ChessBase"]
[SourceDate "2012.08.24"]
[SourceVersion "1"]
[SourceVersionDate "2012.08.24"]
[SourceQuality "1"]

1. e4 c5 2. g3 d6 3. Bg2 Nc6 4. Ne2 g6 5. 0-0 Bg7 6. d3 e6 7. c4 Nge7 8. Nbc3 0-0 9. Rb1 a6 10. a3 Nd4 11. Nxd4 cxd4 12. Ne2 b5 13. e5 Rb8 14. Nxd4 Bxe5 15. Nf3 Bg7 16. b4 Bb7 17. Bb2 Bxb2 18. Rxb2 Qb6 19. Qd2 Rfc8 20. Rc1 Nf5 21. Rbc2 Bxf3 22. Bxf3 Nd4 23. Qe3 Nxc2 24. Qxb6 Rxb6 25. Rxc2 Kg7 26. c5 dxc5 27. bxc5 Rbb8 28. d4 Rc7 29. c6 Rd8 30. Rd2 e5 31. Re2 exd4 32. Kf1 d3 33. Rd2 Kf6 34. Ke1 Ke5 35. Rb2 d2+ 36. Kd1 Rd3 37. Bg2 Kd4 38. a4 Re7 39. Rb4+ Kc3 40. Re4 Rxe4 41. Bxe4 Rd4 42. Bf3 Rxa4 0-1

[Event "Nordic School-ch U17"]
[Site "Espoo"]
[Date "2012.02.17"]
[Round "2"]
[White "Kjoita, Henning Jakhelln"]
[Black "Nielsen, Mathias"]
[Result "1-0"]
[WhiteElo "1942"]
[BlackElo "1572"]
[PlyCount "57"]
[EventDate "2012.02.17"]
[EventType "swiss"]
[EventRounds "6"]
[EventCountry "FIN"]
[SourceTitle "EXT 2022"]
[Source "ChessBase"]
[SourceDate "2021.10.06"]
[SourceVersion "1"]
[SourceVersionDate "2021.10.06"]
[SourceQuality "1"]

1. e4 e5 2. Nf3 Nc6 3. d4 exd4 4. Nxd4 Nf6 5. Nc3 Bb4 6. Nxc6 bxc6 7. Bd3 0-0 8. 0-0 h6 9. e5 Nd5 10. Nxd5 cxd5 11. Qg4 Qe7 12. Bxh6 Qxe5 13. Bf4 f5 14. Qf3 Qe6 15. c3 Bd6 16. Rfe1 Qf7 17. Bxd6 cxd6 18. Qf4 Qf6 19. Qb4 g5 20. Bc2 a5 21. Qb5 Ba6 22. Qxd5+ Kg7 23. Re3 f4 24. Rh3 Rh8 25. Rxh8 Rxh8 26. Re1 g4 27. Qe4 g3 28. fxg3 fxg3 29. Qg4+ 1-0

[Event "Oslo op ELO"]
[Site "Oslo"]
[Date "2011.10.02"]
[Round "9"]
[White "Eriksen, Magnus"]
[Black "Kjoita, Henning Jakhelln"]
[Result "1/2-1/2"]
[WhiteElo "2400"]
[BlackElo "1913"]
[PlyCount "145"]
[EventDate "2011.10.02"]
[EventType "swiss"]
[EventRounds "9"]
[EventCountry "NOR"]
[SourceTitle "EXT 2023"]
[Source "ChessBase"]
[SourceDate "2022.10.05"]
[SourceVersion "1"]
[SourceVersionDate "2022.10.05"]
[SourceQuality "1"]

1. e4 c5 2. Nf3 d6 3. Nc3 Nf6 4. e5 dxe5 5. Nxe5 Nbd7 6. d4 e6 7. Bb5 a6 8. Bxd7+ Nxd7 9. Nxd7 Bxd7 10. 0-0 Bc6 11. dxc5 Qxd1 12. Rxd1 Bxc5 13. Be3 Bxe3 14. fxe3 Ke7 15. Kf2 Rhd8 16. Rd3 Rd7 17. Rad1 Rad8 18. R1d2 e5 19. Rd1 Rd6 20. R1d2 f5 21. g3 Ke6 22. Rd1 g5 23. R1d2 h5 24. Rxd6+ Rxd6 25. Rxd6+ Kxd6 26. h4 g4 27. Ke2 Kc5 28. Kd2 b5 29. Ne2 Bd5 30. a3 a5 31. Nc1 Bf7 32. Nd3+ Kd5 33. Ke2 Bg6 34. Kf2 Be8 35. Ke2 Kd6 36. e4 Bg6 37. Ke3 fxe4 38. Nf2 Kd5 39. Nd1 b4 40. axb4 axb4 41. Nf2 Bf5 42. Nd1 Bd7 43. Kd2 Kd4 44. Ne3 Be6 45. Ke2 Bd7 46. Kd2 Be6 47. Nd1 Kd5 48. Ke3 Bd7 49. b3 Be8 50. c4+ bxc3 51. Nxc3+ Kc5 52. Kxe4 Kb4 53. Nd5+ Kxb3 54. Nf6 Bf7 55. Kxe5 Kc4 56. Kf4 Kd4 57. Nd7 Be8 58. Ne5 Kd5 59. Kf5 Kd4 60. Kf4 Kd5 61. Nxg4 hxg4 62. Kxg4 Ke6 63. Kg5 Kf7 64. Kh6 Kg8 65. g4 Bd7 66. g5 Bf5 67. h5 Be4 68. g6 Bf3 69. Kg5 Bxh5 70. Kxh5 Kg7 71. Kg5 Kg8 72. Kf6 Kf8 73. Kg5 1/2-1/2